00320nam a22001457a 4500003000400000020001800004082001900022100002100041245003300062250002000095260001900115300000800134650001600142653001600158SGT a9788131258088 a617.6342bP21B aBerman, Louis H. aCohen's Pathways of the Pulp a12th South Asia bElsevierc2021 a977 aDental Pulp aDental Pulp